000 00707nam a22002057a 4500
005 20120725145428.0
010 _aG-002058
020 _a9780061914188
035 _aG-002058
037 _adpl
_bGift
082 _a658.8
100 _aVaynerchuk, Gary.
_950460
245 _aThe Thank You Economy/
_cby Gary Vaynerchuk
260 _aNew York
_bHarper Collins Publishers
_c2011
270 _a10 East 53rd Street
_bNew York
_e10022
300 _a240 p.
_bnotes
_c22 cm.
942 _2ddc
_cEN
_h658.8
_mVAY
999 _c68666
_d68666